000 00219 a2200097 4500
001 24229
100 _aStearn, E.W
245 _aCollege hygiene for total health
260 _a
_bLippincott
_c1961
090 _c16419
_d16419
942 _aNUST-CAE
_cM
_c7135
999 _c259302
_d259302